| 000 | 00947nas a2200301 4500 | ||
|---|---|---|---|
| 001 | BR0403848 | ||
| 003 | BR-BrBNA | ||
| 005 | 20231205104733.0 | ||
| 007 | ta | ||
| 008 | 230509b bl.|||p| |||| 00| 00por d | ||
| 040 |
_aBR-BrBNA _bpor _cBiblioteca Nacional de Agricultura |
||
| 041 | _a(Pt) | ||
| 072 | _aF01; F62 | ||
| 100 | 1 | _aGomide, C.A. de M. | |
| 100 | 1 | _aGomide, J.A. | |
| 100 | 1 | _aAlexandrino, E. | |
| 245 | 1 | _aÍndices morfogênicos e de crescimento durante o estabelecimento e a rebrotação do capim-mombaça (Panicum maximum Jacq.) | |
| 650 | _aCAPIM COLONIÃO | ||
| 650 | _aREBROTA | ||
| 650 | _aESTUFA | ||
| 650 | _aCRESCIMENTO | ||
| 650 | _aDESFOLHA | ||
| 650 | _aÁREA FOLIAR | ||
| 650 | _aCARACTERÍSTICAS AGRONÔMICAS | ||
| 773 | 0 |
_tRevista Brasileira de Zootecnia (Brazil) _xISSN 1516-3598 _g(Jul-Aug 2003), v. 32(4) p. 795-803 _wBR0403848 |
|
| 909 |
_a202311 _bLúcia _c55 _dLúcia Elande |
||
| 942 |
_2AGRIS _n0 _cANA |
||
| 999 |
_c179479 _d179479 |
||